000
00237nam a2200097Ia 4500
008
230915s9999 xx 000 0 und d
050
_a
TR222.D38.2001
100
_a
ADRIAN DAVIES
245
0
_a
DIGITAL IMAGING FOR PHOTOGRAPHS
942
_c
BK
999
_c
63330
_d
63330